[Event "25th Dubai Open A 2025"]
[Site "Dubai UAE"]
[Date "2025.05.27"]
[Round "1.21"]
[White "Agasarov, Benik"]
[Black "Movahed, Sina"]
[Result "1/2-1/2"]
[WhiteTitle "FM"]
[BlackTitle "GM"]
[WhiteElo "2414"]
[BlackElo "2518"]
[WhiteFideId "13314823"]
[BlackFideId "42520835"]
[EventDate "2025.05.27"]

1. e4 c5 2. Nf3 e6 3. d4 cxd4 4. Nxd4 Nf6 5. Nc3 Nc6 6. Qd3 d6 7. Bg5 Bd7 8.
Ndb5 Nb4 9. Qd1 Qb8 10. Bf4 e5 11. Bg5 a6 12. Bxf6 gxf6 13. Na3 b5 14. g3 Bg7
15. Bg2 O-O 16. O-O Ra7 17. Nab1 Be6 18. a3 Nc6 19. Nd5 Ne7 20. Nbc3 Rc8 21. Ne3
Bh6 22. Ng4 Bg7 23. Ne3 Rc5 24. Qf3 Qc8 25. Rfd1 Qb8 26. Rd2 b4 27. axb4 Qxb4
28. Rad1 Rc6 29. Ncd5 Bxd5 30. exd5 Rc5 31. c3 Qb6 32. Bh3 a5 33. Bf5 a4 34. c4
Rcc7 35. Bd3 Qc5 36. Re2 Rcb7 37. Kg2 Rb4 38. Nf5 Kf8 39. h4 Rab7 40. Rdd2 Rb3
41. h5 Nxf5 42. Qxf5 h6 43. Bc2 R3b4 44. Bd3 Ke8 45. Rc2 Rb3 46. Rcd2 Ke7 47.
Bc2 R3b4 48. Bd3 Ke8 49. Rc2 Rb3 50. Rcd2 1/2-1/2

[Event "25th Dubai Open A 2025"]
[Site "Dubai UAE"]
[Date "2025.05.27"]
[Round "1.22"]
[White "Kacharava, Nikolozi"]
[Black "Vivaan Vishal Shah"]
[Result "1-0"]
[WhiteTitle "GM"]
[BlackTitle "FM"]
[WhiteElo "2516"]
[BlackElo "2410"]
[WhiteFideId "13611860"]
[BlackFideId "25184237"]
[EventDate "2025.05.27"]

1. e4 c5 2. Nf3 d6 3. d4 cxd4 4. Nxd4 Nf6 5. Nc3 Nc6 6. Bg5 e6 7. Qd3 Bd7 8.
O-O-O a6 9. f4 h6 10. Bh4 Be7 11. Nf3 g5 12. e5 gxh4 13. exf6 Bxf6 14. Qxd6 Qe7
15. Ne4 Qxd6 16. Nxd6+ Ke7 17. Nxf7 Rhf8 18. Nd6 Nb4 19. Ne4 Bc6 20. Nxf6 Rxf6
21. Rd4 Bxf3 22. gxf3 Nd5 23. f5 Rxf5 24. Rxh4 Rh8 25. Rh3 Nf4 26. Rg3 Kf6 27.
Rhg1 Rd8 28. b4 Re5 29. Kb2 Rd4 30. Kc3 Rd6 31. Rg8 Re3+ 32. Kb2 Rxf3 33. Bg2
Rf2 34. Bxb7 Rb6 35. Rf8+ Ke5 36. Re1+ Kd6 37. Rd1+ Ke7 38. Rh8 Rxb4+ 39. Kc3
Rb5 40. Rh7+ Kf6 41. Bxa6 Rc5+ 42. Kb4 Rfxc2 43. Bb7 Rh5 44. Rf1 e5 45. a4 Rhxh2
46. a5 Rb2+ 47. Kc5 Rhc2+ 48. Kd6 Rb4 49. Rd1 Kg6 50. Re7 Kf6 51. a6 Rb6+ 52.
Kd7 Rcb2 53. Ke8 Ra2 54. Rf7+ Kg5 55. Rg1+ Kh4 56. Rh1+ Kg5 57. Rg7+ Kf5 58.
Rf7+ Kg5 59. Rg7+ Kf5 60. Bc8+ Kf6 61. Rf7+ Kg5 62. Rg1+ Kh4 63. Rfg7 Nh3 64.
Rh1 Ra3 65. a7 Rbb3 66. Be6 Rg3 67. Rxg3 1-0

[Event "25th Dubai Open A 2025"]
[Site "Dubai UAE"]
[Date "2025.05.27"]
[Round "1.23"]
[White "Zhang, Di"]
[Black "Aswath, S"]
[Result "1/2-1/2"]
[BlackTitle "IM"]
[WhiteElo "2410"]
[BlackElo "2515"]
[WhiteFideId "8616590"]
[BlackFideId "46694919"]
[EventDate "2025.05.27"]

1. e4 e6 2. d4 d5 3. e5 c5 4. c3 Qb6 5. Nf3 Nc6 6. a3 Nh6 7. Bd3 cxd4 8. O-O Nf5
9. b4 Bd7 10. Ra2 Rc8 11. Rc2 Nd8 12. cxd4 Ba4 13. Rxc8 Bxd1 14. Rxd1 Ne7 15.
Ra8 Nc6 16. Nc3 Be7 17. Be3 a6 18. b5 axb5 19. Nxb5 O-O 20. Rb1 f6 21. exf6 gxf6
22. Bh6 Nf7 23. Bxf8 Bxf8 24. Nd6 Qc7 25. Nxf7 Kxf7 26. Bxh7 Kg7 27. Bd3 e5 28.
dxe5 fxe5 29. Bb5 Qb6 30. Bd3 Qc7 31. Bb5 Qb6 32. Bd3 Qc7 1/2-1/2

[Event "25th Dubai Open A 2025"]
[Site "Dubai UAE"]
[Date "2025.05.27"]
[Round "1.25"]
[White "Manon, Reja Neer"]
[Black "Aronyak, Ghosh"]
[Result "0-1"]
[WhiteTitle "IM"]
[BlackTitle "IM"]
[WhiteElo "2403"]
[BlackElo "2514"]
[WhiteFideId "10224009"]
[BlackFideId "25072846"]
[EventDate "2025.05.27"]

1. e4 d5 2. exd5 Qxd5 3. Nc3 Qa5 4. d4 Nf6 5. Bc4 Bg4 6. Nf3 Nc6 7. h3 Qh5 8.
Be2 O-O-O 9. Be3 e5 10. d5 Bxf3 11. Bxf3 Qg6 12. O-O e4 13. Nxe4 Nxd5 14. Bd2
Ne5 15. Qe2 Qf5 16. Ng5 Nf4 17. Bxf4 Qxf4 18. Bg4+ Kb8 19. g3 Qxg5 20. f4 Qg6
21. fxe5 h5 22. Bf3 Qxg3+ 23. Bg2 f6 24. Rae1 Re8 25. Qe4 c6 26. Rf5 Bd6 27. e6
Re7 28. Re3 Qg6 29. Rb3 Rc8 30. c4 Qe8 31. c5 Be5 32. Rxe5 fxe5 33. Qxe5+ Ka8
34. Re3 Qg6 35. Qd6 Rce8 0-1

[Event "25th Dubai Open A 2025"]
[Site "Dubai UAE"]
[Date "2025.05.27"]
[Round "1.26"]
[White "Boruchovsky, Avital"]
[Black "Davtyan, Arsen"]
[Result "1-0"]
[WhiteTitle "GM"]
[BlackTitle "IM"]
[WhiteElo "2513"]
[BlackElo "2402"]
[WhiteFideId "2800055"]
[BlackFideId "13309315"]
[EventDate "2025.05.27"]

1. e4 e5 2. Nf3 Nc6 3. Bc4 Bc5 4. O-O Nf6 5. d3 a5 6. c3 d6 7. h3 h6 8. Re1 O-O
9. Nbd2 a4 10. Nf1 Ra5 11. b4 axb3 12. Bxb3 d5 13. exd5 Nxd5 14. Bd2 Be6 15. Ng3
Re8 16. Rb1 Bb6 17. Ba4 Nf4 18. d4 Nd3 19. Re3 Bxa2 20. Rb5 Bc4 21. Rxa5 Bxa5
22. Bxc6 bxc6 23. Qa4 Qd5 24. Nf5 Kh7 25. dxe5 Nf4 26. Re1 Nxh3+ 27. Kh2 Nxf2
28. Ne3 Ng4+ 29. Nxg4 Bb6 30. Bxh6 Qc5 31. Be3 Qb5 32. Qxb5 Bxb5 33. Kg3 Rd8 34.
Rh1+ Kg8 35. Bg5 Rd3 36. Nf6+ 1-0

[Event "25th Dubai Open A 2025"]
[Site "Dubai UAE"]
[Date "2025.05.27"]
[Round "1.27"]
[White "Kushagra, Mohan"]
[Black "Royal, Shreyas"]
[Result "1/2-1/2"]
[WhiteTitle "IM"]
[BlackTitle "GM"]
[WhiteElo "2400"]
[BlackElo "2493"]
[WhiteFideId "25033638"]
[BlackFideId "448869"]
[EventDate "2025.05.27"]

1. e4 c5 2. Nf3 d6 3. d4 cxd4 4. Nxd4 Nf6 5. Nc3 Nc6 6. Bg5 e6 7. Qd2 a6 8.
O-O-O Be7 9. f4 Bd7 10. Nf3 b5 11. Bxf6 gxf6 12. f5 Qb6 13. Kb1 O-O-O 14. a4 b4
15. Ne2 Kb8 16. b3 e5 17. Qd5 Rhf8 18. Nd2 Na5 19. Ng3 Bc6 20. Nc4 Nxc4 21. Qxc4
Bb7 22. Be2 Rc8 23. Qd3 Rc3 24. Qd2 Rfc8 25. Rc1 d5 26. Bd3 Bc5 27. Rhe1 Bd4 28.
Qh6 dxe4 29. Nxe4 Bd5 30. Nd2 Qc6 31. Qh4 Bxg2 32. Be4 Bxe4 33. Qxe4 Rh3 34.
Qxc6 Rxc6 35. Re2 Kc7 36. Rf1 Kd7 37. Ne4 Ke7 38. Rd1 Rc8 39. Ng5 Re3 40. Rxe3
Bxe3 41. Ne4 Rg8 42. c3 bxc3 43. Nxc3 Bd4 44. Ne2 Rg4 45. Nxd4 exd4 46. Kc2 Kd6
47. b4 Kd5 48. b5 axb5 49. axb5 Kc5 50. Kd3 Kxb5 51. Rc1 Rh4 52. Rc7 h5 53. h3
Kb6 54. Rc8 Rf4 55. Kc4 h4 56. Rf8 Kc6 57. Rxf7 Kd6 58. Rxf6+ Ke5 59. Rf8 Rf3
60. Re8+ Kxf5 61. Rf8+ Ke4 62. Rxf3 Kxf3 63. Kxd4 Kg3 64. Ke3 Kxh3 65. Kf2 Kh2
66. Kf1 h3 67. Kf2 Kh1 68. Kf1 h2 1/2-1/2

[Event "25th Dubai Open A 2025"]
[Site "Dubai UAE"]
[Date "2025.05.27"]
[Round "1.28"]
[White "Rohith, Krishna S"]
[Black "Gaal, Zsoka"]
[Result "1-0"]
[WhiteTitle "IM"]
[BlackTitle "WGM"]
[WhiteElo "2490"]
[BlackElo "2395"]
[WhiteFideId "46617051"]
[BlackFideId "777765"]
[EventDate "2025.05.27"]

1. d4 Nf6 2. c4 e6 3. Nf3 Bb4+ 4. Nbd2 d5 5. Qa4+ Nc6 6. e3 a5 7. a3 Be7 8. Bd3
O-O 9. O-O Bd7 10. Qc2 a4 11. e4 dxe4 12. Nxe4 Nxe4 13. Bxe4 f5 14. Bd3 Bf6 15.
Be3 Qe8 16. Rfe1 Qg6 17. Rad1 e5 18. dxe5 Nxe5 19. Nxe5 Bxe5 20. f4 Bf6 21. Be4
Be6 22. Bxb7 Rab8 23. Bf3 Rxb2 24. Qxa4 Bf7 25. Rd7 Be8 26. Bd5+ Kh8 27. Qa8 Bh4
28. Rd1 c6 29. Bd4 Bf2+ 30. Bxf2 cxd5 31. Rd8 Rg8 32. Qxd5 Bf7 33. Qe5 Rc2 34.
c5 h6 35. h3 Kh7 36. Rxg8 Bxg8 37. Rd6 Qh5 38. Bd4 Qf7 39. c6 1-0

[Event "25th Dubai Open A 2025"]
[Site "Dubai UAE"]
[Date "2025.05.27"]
[Round "1.29"]
[White "Beydullayeva, Govhar"]
[Black "Muthaiah, AL"]
[Result "0-1"]
[WhiteTitle "WGM"]
[BlackTitle "IM"]
[WhiteElo "2394"]
[BlackElo "2487"]
[WhiteFideId "13413015"]
[BlackFideId "5092442"]
[EventDate "2025.05.27"]

1. d4 d5 2. Nf3 Nf6 3. Bf4 c5 4. e3 Qb6 5. c4 cxd4 6. Qxd4 e6 7. Qxb6 axb6 8.
cxd5 Nxd5 9. Bxb8 Rxb8 10. Nbd2 Bd6 11. Rc1 Bd7 12. e4 Nf4 13. a3 f6 14. g3 Ng6
15. Nd4 Ke7 16. Nc4 Bc5 17. Nb3 Rhc8 18. Nxc5 Rxc5 19. Rd1 Ba4 20. Ra1 Rc6 21.
Be2 Rd8 22. b4 Rd4 23. Ne3 Ne5 24. O-O Rxe4 25. Rac1 Rd4 26. f4 Rd2 27. Rce1 Nd3
28. Nf5+ Kf7 29. Bxd3 Rxd3 30. Re3 Bb5 31. Rfe1 exf5 32. Re7+ Kg6 33. Rxb7 Rc2 0-1

[Event "25th Dubai Open A 2025"]
[Site "Dubai UAE"]
[Date "2025.05.27"]
[Round "1.30"]
[White "Davtyan, Artur"]
[Black "Liyanage, Ranindu Dilshan"]
[Result "0-1"]
[WhiteTitle "IM"]
[BlackTitle "IM"]
[WhiteElo "2485"]
[BlackElo "2387"]
[WhiteFideId "13308327"]
[BlackFideId "9915834"]
[EventDate "2025.05.27"]

1. d4 d5 2. Nf3 Nf6 3. c3 e6 4. Bf4 c5 5. e3 Qb6 6. Qb3 Bd7 7. h3 Bc6 8. Nbd2
Nbd7 9. Be2 Be7 10. O-O O-O 11. Rfc1 Rfc8 12. Qc2 Bb5 13. Bd1 Bd6 14. Ne5 cxd4
15. exd4 Qc7 16. a4 Ba6 17. b4 b6 18. b5 Bb7 19. Nxd7 Bxf4 20. Nxf6+ gxf6 21.
Be2 Kh8 22. Qd1 Rg8 23. Rc2 Rg7 24. Bf3 Rag8 25. Nf1 e5 26. g3 Bc8 27. Bxd5 Bxh3
28. Qf3 f5 29. dxe5 Bxe5 30. Re1 Bxg3 31. fxg3 Rxg3+ 32. Nxg3 Rxg3+ 33. Kf2
Rxf3+ 34. Kxf3 Qd6 35. Rd2 Qa3 36. Rd3 Qxa4 37. c4 Qc2 38. Ree3 Bf1 39. Rc3 Qg2+
40. Kf4 Qg4+ 41. Ke5 f4 42. Rf3 Qg5+ 43. Kd6 Be2 44. Rh3 Bg4 45. Rhd3 Qd8+ 46.
Ke5 Qc7+ 47. Kd4 f6 48. c5 bxc5+ 49. Kc4 Be2 50. Ra3 Qe7 51. Bf3 Bf1 52. Kd5
Qd7+ 53. Ke4 f5+ 0-1

[Event "25th Dubai Open A 2025"]
[Site "Dubai UAE"]
[Date "2025.05.27"]
[Round "1.31"]
[White "Raahul, V S"]
[Black "Ayush, Sharma"]
[Result "1-0"]
[WhiteTitle "IM"]
[BlackTitle "IM"]
[WhiteElo "2378"]
[BlackElo "2478"]
[WhiteFideId "25035525"]
[BlackFideId "45010943"]
[EventDate "2025.05.27"]

1. c4 Nf6 2. Nc3 e5 3. Nf3 Nc6 4. g3 Nd4 5. Bg2 Nxf3+ 6. Bxf3 Bc5 7. d3 O-O 8.
O-O c6 9. Bg5 h6 10. Bxf6 Qxf6 11. Ne4 Qe7 12. Nxc5 Qxc5 13. a3 Rd8 14. b4 Qe7
15. Qb3 a5 16. b5 a4 17. Qb4 c5 18. Qc3 d6 19. Rab1 Bh3 20. Rfe1 f5 21. Bd5+ Kh8
22. e3 h5 23. f3 Rf8 24. Kf2 Rf6 25. b6 h4 26. Rg1 Rh6 27. Ke2 Ra6 28. Qe1 Qd8
29. Rb5 Qd7 30. gxh4 f4 31. Ra5 Be6 32. Rxa6 bxa6 33. b7 Qd8 34. Qb1 Qb8 35.
Bxe6 Rxe6 36. Qb6 Re7 37. Rb1 Re8 38. Qc6 Rf8 39. Rb6 e4 40. dxe4 fxe3 41. Rxa6
d5 42. Qd6 1-0

[Event "25th Dubai Open A 2025"]
[Site "Dubai UAE"]
[Date "2025.05.27"]
[Round "1.32"]
[White "Prraneeth, Vuppala"]
[Black "Tudor, Henry Edward"]
[Result "1-0"]
[WhiteTitle "GM"]
[BlackTitle "FM"]
[WhiteElo "2474"]
[BlackElo "2376"]
[WhiteFideId "46622373"]
[BlackFideId "2409836"]
[EventDate "2025.05.27"]

1. e4 c5 2. Nf3 e6 3. c3 Nf6 4. e5 Nd5 5. d4 cxd4 6. cxd4 b6 7. Nc3 Nxc3 8. bxc3
Qc7 9. Bb5 a6 10. Ba4 Bb7 11. O-O b5 12. Bc2 Qxc3 13. Be3 Be7 14. Rc1 Qa5 15.
Ng5 Bxg5 16. Bxg5 Nc6 17. d5 Ne7 18. dxe6 dxe6 19. Bxe7 Kxe7 20. Qd6+ Ke8 21.
Be4 Bxe4 22. Rc7 Qxc7 23. Qxc7 Kf8 24. Rd1 Bd5 25. Rd4 Kg8 26. f4 h5 27. f5 Rh6
28. Qe7 Bxa2 29. g4 hxg4 30. f6 Rg6 31. Rd7 Kh7 32. Qxf7 Rc8 33. Rc7 Rh8 34. Qe7
g3 35. h3 Bd5 36. f7 g2 37. f8=Q Rxf8 38. Qxf8 a5 39. h4 Rg4 40. h5 Be4 41. Qf6
Kh8 42. Rxg7 1-0

[Event "25th Dubai Open A 2025"]
[Site "Dubai UAE"]
[Date "2025.05.27"]
[Round "1.33"]
[White "Zia, Tahsin Tajwar"]
[Black "Siddharth, Jagadeesh"]
[Result "0-1"]
[WhiteTitle "FM"]
[BlackTitle "GM"]
[WhiteElo "2374"]
[BlackElo "2472"]
[WhiteFideId "10211888"]
[BlackFideId "5818320"]
[EventDate "2025.05.27"]

1. Nf3 Nf6 2. c4 g6 3. Nc3 Bg7 4. e4 d6 5. d4 O-O 6. Be2 e5 7. d5 a5 8. Bg5 Na6
9. Nd2 Qe8 10. h4 Nd7 11. h5 Nb6 12. Nf3 Nc5 13. Be3 f5 14. hxg6 hxg6 15. Qd2
Nba4 16. Nxa4 Qxa4 17. Bxc5 dxc5 18. Qg5 fxe4 19. Nd2 Qc2 20. Qxg6 Bf5 21. Qh5
Ra6 22. Qg5 Rg6 23. Qe3 Rxg2 24. Bf1 Rg6 25. Qxc5 Qxb2 26. Rb1 Qd4 27. Qxd4 exd4
28. Rxb7 e3 29. fxe3 dxe3 30. Nb3 Be4 31. Rh3 Rxf1+ 32. Kxf1 Bd3+ 0-1

[Event "25th Dubai Open A 2025"]
[Site "Dubai UAE"]
[Date "2025.05.27"]
[Round "1.34"]
[White "Md Imran"]
[Black "Nandhidhaa, P V"]
[Result "1-0"]
[WhiteTitle "IM"]
[BlackTitle "WGM"]
[WhiteElo "2472"]
[BlackElo "2363"]
[WhiteFideId "25748580"]
[BlackFideId "5050847"]
[EventDate "2025.05.27"]

1. d4 Nf6 2. c4 e6 3. Nf3 d5 4. Nc3 Bb4 5. Qa4+ Nc6 6. e3 O-O 7. Qc2 Re8 8. Bd2
Bf8 9. a3 b6 10. cxd5 exd5 11. Bb5 Bd7 12. Bd3 a6 13. h3 g6 14. O-O Ne7 15. Ne2
Bf5 16. Ng3 Bxd3 17. Qxd3 Nc8 18. Bb4 Nd6 19. Ne2 a5 20. Bxd6 Bxd6 21. Qb5 Qd7
22. Qxd7 Nxd7 23. Rac1 a4 24. Rc6 Nb8 25. Rc2 c6 26. Ne1 Ra7 27. Nd3 Rc7 28. g4
f6 29. Kg2 Kf7 30. Nef4 Rec8 31. h4 Nd7 32. g5 b5 33. gxf6 Kxf6 34. f3 Nb6 35.
e4 Bxf4 36. Nxf4 Nc4 37. Re2 Re7 38. Nd3 dxe4 39. fxe4+ Kg7 40. e5 Rd8 41. Rf4
Rf7 42. Rg4 Kf8 43. e6 Re7 44. h5 Kg7 45. hxg6 hxg6 46. Nf4 g5 47. Rxg5+ Kf6 48.
Rg3 Rxd4 49. Nh5+ Kf5 50. Ng7+ Kf6 51. Rf2+ Ke5 52. Rg5+ Ke4 53. Rg4+ Kd5 54.
Rxd4+ Ke5 55. Rd7 1-0

[Event "25th Dubai Open A 2025"]
[Site "Dubai UAE"]
[Date "2025.05.27"]
[Round "1.35"]
[White "Roebers, Eline"]
[Black "Ilamparthi, A R"]
[Result "1/2-1/2"]
[WhiteTitle "IM"]
[BlackTitle "IM"]
[WhiteElo "2361"]
[BlackElo "2469"]
[WhiteFideId "1058401"]
[BlackFideId "45015775"]
[EventDate "2025.05.27"]

1. d4 d6 2. e4 Nf6 3. Nc3 e5 4. Nf3 Nbd7 5. Bc4 Be7 6. O-O O-O 7. a4 c6 8. Re1
h6 9. h3 Re8 10. a5 Qc7 11. Ba2 Bf8 12. Be3 exd4 13. Bxd4 Ne5 14. Nh4 Be6 15. f4
Ned7 16. Qf3 Bxa2 17. Rxa2 Re6 18. g4 Rae8 19. Nf5 g6 20. Ng3 Bg7 21. Raa1 b5
22. axb6 axb6 23. Rad1 R6e7 24. h4 Nh7 25. Bxg7 Kxg7 26. Re2 b5 27. b4 Nb6 28.
g5 Nc4 29. Kg2 d5 30. gxh6+ Kh8 31. Rde1 d4 32. Nd1 Ra8 33. e5 Ra3 34. Qg4 Re8
35. e6 Nf6 36. Qg5 Nd5 37. exf7 Rxe2+ 38. Rxe2 Qxf7 39. Qd8+ Kh7 40. Re8 Qf6 41.
Qxf6 Nxf6 42. Re6 Nd5 43. Rxc6 Nxf4+ 44. Kf2 Nh3+ 45. Kg2 Nf4+ 46. Kf2 Ne3 47.
Kf3 Ned5+ 48. Kg4 d3 49. h5 d2 50. hxg6+ Nxg6 51. Rd6 Nge7 52. Nf5 Ra1 53. Nxe7
Rxd1 54. Rxd5 Rg1+ 55. Kf3 d1=Q+ 56. Rxd1 Rxd1 57. Nc6 Rd2 58. Na7 Rxc2 59. Nxb5
Rb2 60. Ke4 Rxb4+ 61. Nd4 Kxh6 62. Kd5 Kg6 63. Ke4 Ra4 64. Kd5 Kf6 65. Ke4 Ra5
66. Kf4 Re5 67. Nf3 Rf5+ 68. Ke4 Rxf3 69. Kxf3 Ke5 1/2-1/2

[Event "25th Dubai Open A 2025"]
[Site "Dubai UAE"]
[Date "2025.05.27"]
[Round "1.36"]
[White "Srihari, L R"]
[Black "Balajayeva, Khanim"]
[Result "1-0"]
[WhiteTitle "IM"]
[BlackTitle "IM"]
[WhiteElo "2468"]
[BlackElo "2358"]
[WhiteFideId "46617116"]
[BlackFideId "13406396"]
[EventDate "2025.05.27"]

1. d4 Nf6 2. c4 e6 3. Bf4 d5 4. cxd5 Nxd5 5. Bg3 c5 6. e4 Nf6 7. Nd2 Qxd4 8.
Ngf3 Qd8 9. e5 Nd5 10. Bd3 Be7 11. O-O Nc6 12. Qe2 Ncb4 13. Be4 Bd7 14. a3 Na6
15. Bd3 Nac7 16. Ne4 O-O 17. Rac1 b6 18. h4 h6 19. Rfe1 a6 20. Bb1 Ne8 21. Qc2
g6 22. h5 Ng7 23. hxg6 fxg6 24. Nf6+ Nxf6 25. exf6 Rxf6 26. Ne5 Be8 27. Rcd1 Qc8
28. Bh4 Nf5 29. Bxf6 Bxf6 30. Qb3 Bg7 31. Bxf5 gxf5 32. Rd6 Bxe5 33. Rxe5 Bf7
34. Rexe6 Bxe6 35. Rxe6 Qc7 36. Re8+ 1-0

[Event "25th Dubai Open A 2025"]
[Site "Dubai UAE"]
[Date "2025.05.27"]
[Round "1.37"]
[White "Rakshitta, Ravi"]
[Black "Harikrishnan, A. Ra"]
[Result "0-1"]
[WhiteTitle "WGM"]
[BlackTitle "IM"]
[WhiteElo "2324"]
[BlackElo "2467"]
[WhiteFideId "25073230"]
[BlackFideId "5081483"]
[EventDate "2025.05.27"]

1. e4 e6 2. d4 d5 3. Nc3 Be7 4. exd5 exd5 5. h3 Nf6 6. Bd3 Nc6 7. Nf3 Nb4 8. O-O
Nxd3 9. Qxd3 O-O 10. Bf4 c6 11. a4 h6 12. Rfe1 Be6 13. Ne5 Ne8 14. Qe3 g5 15.
Bh2 Ng7 16. a5 Rc8 17. Na4 b6 18. axb6 axb6 19. Qc3 c5 20. Qb3 Nf5 21. dxc5 bxc5
22. Ng6 Re8 23. Nxe7+ Qxe7 24. Rad1 Qa7 25. Ra1 Nd4 26. Qb6 Qxb6 27. Nxb6 Nxc2
28. Nxc8 Rxc8 29. Rxe6 fxe6 30. Ra6 Nd4 31. Be5 Nc6 32. Bd6 c4 33. Kf1 Kf7 34.
Ke2 Kf6 35. f4 Nd4+ 36. Kd2 gxf4 37. Bxf4 h5 38. g4 hxg4 39. hxg4 Rg8 40. g5+
Kf5 41. Ke3 Nc2+ 42. Kf3 Ne1+ 43. Kg3 Nd3 44. Bd2 Nc5 0-1

[Event "25th Dubai Open A 2025"]
[Site "Dubai UAE"]
[Date "2025.05.27"]
[Round "1.38"]
[White "Shyam, Sundar M."]
[Black "Farahat, Ali"]
[Result "1-0"]
[WhiteTitle "GM"]
[BlackTitle "IM"]
[WhiteElo "2462"]
[BlackElo "2321"]
[WhiteFideId "5019141"]
[BlackFideId "10600507"]
[EventDate "2025.05.27"]

1. e4 e5 2. Nf3 Nc6 3. Bb5 a6 4. Ba4 b5 5. Bb3 Nf6 6. d3 Bc5 7. c3 d6 8. Bg5 h6
9. Bh4 Bb6 10. Nbd2 Bg4 11. Nf1 Na5 12. Bc2 g5 13. Bg3 Nh5 14. Ne3 Nxg3 15. hxg3
Bxe3 16. fxe3 d5 17. exd5 Qxd5 18. e4 Qd6 19. Qd2 O-O-O 20. Qf2 f5 21. Nh2 Rdf8
22. Nxg4 fxg4 23. Qa7 c5 24. a4 b4 25. cxb4 Nc6 26. Qxa6+ Kc7 27. b5 Nb4 28.
Qxd6+ Kxd6 29. Bb3 Nxd3+ 30. Kd2 Nxb2 31. Raf1 c4 32. Bc2 Kc5 33. Kc3 Nd3 34.
Bxd3 cxd3 35. Rxf8 Rxf8 36. Rxh6 Rc8 37. Rc6+ Rxc6 38. bxc6 1-0

[Event "25th Dubai Open A 2025"]
[Site "Dubai UAE"]
[Date "2025.05.27"]
[Round "1.39"]
[White "Al Hosani, Omran"]
[Black "Dotzer, Lukas"]
[Result "0-1"]
[WhiteTitle "IM"]
[BlackTitle "IM"]
[WhiteElo "2299"]
[BlackElo "2455"]
[WhiteFideId "9308733"]
[BlackFideId "1666975"]
[EventDate "2025.05.27"]

1. d4 Nf6 2. c4 e6 3. Nf3 d5 4. g3 Bb4+ 5. Bd2 Be7 6. Bg2 O-O 7. O-O Nbd7 8. Qc2
c6 9. Bf4 a5 10. Rd1 a4 11. Nc3 dxc4 12. Nxa4 Nd5 13. Bd2 b5 14. Nc3 Qb6 15. a3
Bb7 16. Nxd5 cxd5 17. Bb4 Bxb4 18. axb4 Ra4 19. Rxa4 bxa4 20. Qxa4 Bc6 21. Qa3
Rb8 22. e4 dxe4 23. Ne5 Nxe5 24. dxe5 Bd5 25. Qc3 h6 26. Rd4 Qc6 27. Bf1 Ra8 28.
Rd1 Ra2 29. Rc1 Qb6 30. Qd2 e3 31. Qxe3 Qxb4 32. Qc3 Rxb2 33. Bxc4 Qb6 34. Qe1
Ba8 35. Be2 Qb7 36. f3 g5 37. Qd1 Qa7+ 38. Kg2 Qe3 39. Rc2 Rxc2 40. Qxc2 g4 41.
Qd1 Qxe5 0-1

[Event "25th Dubai Open A 2025"]
[Site "Dubai UAE"]
[Date "2025.05.27"]
[Round "1.40"]
[White "Panesar, Vedant"]
[Black "Tregubenko, Nikolay"]
[Result "1-0"]
[WhiteTitle "FM"]
[WhiteElo "2455"]
[BlackElo "2277"]
[WhiteFideId "35033018"]
[BlackFideId "34358978"]
[EventDate "2025.05.27"]

1. d4 Nf6 2. c4 g6 3. Nc3 Bg7 4. e4 d6 5. Be2 O-O 6. Be3 Na6 7. h3 c6 8. Nf3 e5
9. d5 Nh5 10. Nd2 Nf4 11. Bf1 f5 12. g3 Nxd5 13. cxd5 f4 14. Bxa6 fxe3 15. fxe3
bxa6 16. dxc6 Be6 17. Qe2 Qb6 18. Nd5 Bxd5 19. exd5 Qxb2 20. Rb1 Qxa2 21. Qc4
Qa5 22. Rh2 1-0

[Event "25th Dubai Open A 2025"]
[Site "Dubai UAE"]
[Date "2025.05.27"]
[Round "1.41"]
[White "Sultan, Ibrahim"]
[Black "Nitish, Belurkar"]
[Result "0-1"]
[WhiteTitle "IM"]
[BlackTitle "IM"]
[WhiteElo "2222"]
[BlackElo "2454"]
[WhiteFideId "9301143"]
[BlackFideId "5084768"]
[EventDate "2025.05.27"]

1. d4 Nf6 2. c4 e6 3. Nf3 a6 4. g3 b5 5. Bg2 bxc4 6. Ne5 d5 7. Nxc4 c5 8. Ne5
Nbd7 9. O-O cxd4 10. Nxd7 Bxd7 11. Qxd4 Rc8 12. Nc3 Bc5 13. Qd3 Qb6 14. b3 Ng4
15. e3 d4 16. Rd1 e5 17. Nd5 Qe6 18. a4 Bc6 19. Qc4 Bb7 20. Ba3 Bxa3 21. Nc7+
Rxc7 22. Qxc7 Bxg2 23. Qb8+ Ke7 24. Qxh8 Qf5 25. Rd2 Bd5 26. Qb8 Qf3 27. e4 Bxe4
28. Qc7+ Kf6 29. Qb6+ Kf5 30. Kf1 Qg2+ 31. Ke1 Qg1+ 0-1

[Event "25th Dubai Open A 2025"]
[Site "Dubai UAE"]
[Date "2025.05.28"]
[Round "2.1"]
[White "Nihal, Sarin"]
[Black "Prraneeth, Vuppala"]
[Result "1-0"]
[WhiteTitle "GM"]
[BlackTitle "GM"]
[WhiteElo "2693"]
[BlackElo "2474"]
[WhiteFideId "25092340"]
[BlackFideId "46622373"]
[EventDate "2025.05.27"]

1. e4 c5 2. Nc3 d6 3. Bc4 Nf6 4. a3 Nc6 5. d3 a6 6. Ba2 g6 7. Bg5 Bg7 8. f4 O-O
9. Qd2 b5 10. Nf3 b4 11. axb4 Nxb4 12. Bb3 Bb7 13. O-O d5 14. e5 Nd7 15. d4 f6
16. Bh4 cxd4 17. Qxd4 Qb6 18. Qxb6 Nxb6 19. Bf2 Nc4 20. Bc5 a5 21. Bxe7 Rf7 22.
exf6 Bxf6 23. Bxb4 axb4 24. Nxd5 1-0

[Event "25th Dubai Open A 2025"]
[Site "Dubai UAE"]
[Date "2025.05.28"]
[Round "2.2"]
[White "Muthaiah, AL"]
[Black "Muradli, Mahammad"]
[Result "0-1"]
[WhiteTitle "IM"]
[BlackTitle "GM"]
[WhiteElo "2487"]
[BlackElo "2603"]
[WhiteFideId "5092442"]
[BlackFideId "13409301"]
[EventDate "2025.05.27"]

1. d4 Nf6 2. c4 e6 3. Nc3 Bb4 4. Bd2 c5 5. dxc5 Bxc5 6. Nf3 O-O 7. g3 d5 8. cxd5
exd5 9. Bg2 Nc6 10. O-O h6 11. Rc1 a6 12. Na4 Ba7 13. Nc5 Qe7 14. Nb3 Re8 15. e3
Bg4 16. h3 Bh5 17. Bc3 Rad8 18. Nbd4 Bxd4 19. Bxd4 Ne4 20. Re1 Ng5 21. g4 Nxf3+
22. Bxf3 Bg6 23. Bg2 Be4 24. f3 Bg6 25. Qd2 f5 26. a3 Rd7 27. b4 fxg4 28. hxg4
h5 29. gxh5 Bxh5 30. Qf2 Qf7 31. f4 Bg6 32. Rcd1 Bf5 33. Ba1 Re6 34. Kf1 Rg6 35.
Rd2 Be4 36. Qh4 Qe6 37. Bh3 Bf5 38. Rh2 Rh6 39. Bxf5 Qxf5 40. Qg3 Qd3+ 41. Kf2
Rxh2+ 42. Qxh2 Rd6 43. Qh3 Ne7 44. Be5 Rh6 45. Qg2 Nf5 46. Re2 b5 47. e4 dxe4
48. Rxe4 Kh7 49. Re2 Rh3 50. Qe4 Qg3+ 51. Kf1 Kh6 52. Qc6+ g6 53. Qa8 Kh5 54.
Qh8+ Kg4 55. Qa8 Qd3 56. Ke1 Qb1+ 57. Kd2 Rd3# 0-1